000 01374nam0a22003371 4500
001 v19\rc\2040194
005 20260406090413.0
035 _a(NLR Aleph) 005117897
090 _a7562893
_c7562893
100 _a20080925d1917 u y0rusy50 ca
101 0 _arus
102 _aRU
105 _ay z |||||
200 1 _aКонспект торгового права и русского торгового процесса
_eСост. согласно послед. прогр. Моск. ун-та по учеб. проф. Шершеневича и Краснокутского
_fС. Зен
210 _aМосква
_cСовременность
_d1917
215 _a77 с.
_d19
532 1 3 _aКонспект торгового права и русского торгового процесса
700 1 _aЗен
_bС.
702 1 _aШершеневич
_bГ.Ф.
_f1863-1912
_gГабриэль Феликсович
_4100
702 1 _4340
_4080
_7ca
_8rus
_aКраснокутский
_bВ. А.
_f1873-
_gВасилий Александрович
_3RU\NLR\AUTH\770280948
_92652915
801 0 _aRU
_bNLR
_gpsbo
801 0 _aRU
_bRuMoRGB
_2psbo
801 1 _aRU
_bProSoft-M
_2rusmarc
852 _aNLR
_j37.61.7.181
899 _aRuMoRGB
_jV 112/2960
899 _aRuMoRGB
_jV 408/439
899 _aБАН
899 _aНБ МГУ
942 _cBOOK
980 _aNB